| 000 | 00615nam a2200181Ia 4500 | ||
|---|---|---|---|
| 008 | 220216s9999 xx 000 0 und d | ||
| 100 | _aAmbily K K | ||
| 245 | 0 | _aCarbon sequestration potential of natural rubber plantations in the traditional rubber growing regions of India | |
| 260 | _bInternational Conference Climate Change and Developing Countries, 19-22 February 2010, M G University, Kottayam, India | ||
| 650 | _a India | ||
| 650 | _a Plantation | ||
| 650 | _aCarbon sequestration | ||
| 700 | _aJacob J | ||
| 700 | _aJessy M D | ||
| 700 | _aMeenakumari T | ||
| 700 | _aUlaganathan A | ||
| 942 | _cBS | ||
| 999 |
_c53196 _d53196 |
||